Culture Générale - Série 1983 - Statistiques

Statistiques générales
  • Ce quiz a été pris 110 fois
  • Le résultat moyen est 5 sur 10
Statistiques - réponses
Question Réponse % Correct
De quel pays La Valette est-elle la capitale ? Malte
96%
De quel pays est originaire la danse traditionnelle appelée "jota" ? Espagne
74%
Quelle ville d'Italie porte le nom d'un roman de Stendhal ? Parme
58%
Quel cinéaste a réalisé “Parle avec elle” et “Volver” ? Pedro Almodovar
54%
Pour faire cesser, mettre fin à quelque chose, on peut utiliser l'expression du milieu du XVIIe siècle "mettre le .... holà
52%
Dans quel département français se trouve la ville d'Etampes ? Essonne
44%
Quel était le prénom de l'écrivaine Nin (1903-1977), qui fut l'une des premières femmes à écrire des ouvrages érotiques ? Anaïs
37%
Chien destiné à la chasse aux rats et autres petits mammifères nuisibles - voir photo ratier
32%
Quel mot, synonyme de "banalité, lapalissade" désigne une vérité trop évidente pour devoir être énoncée - commence par "t" truisme
17%
Sous quel autre nom désigne-t-on également la fleur "balsamine de l'Himalaya" ? impatiente
3%
Aucun quiz correspondant
Distribution des résultats
% des personnes avec chaque résultat
Percentile par nombre de réponses
Votre historique - résultats
Vous n’avez pas pris ce quiz